Sports Quiz

Random Sports or NFL Quiz
Score 0/16 Timer 05:00
0 Plays Today
Hint Answer % Correct
Passing Yards (Week 1)Peyton Manning
98.7%
Passing Yards (Week 1)Eli Manning
98.5%
Passing Yards (Week 1)Drew Brees
94.8%
Passing Yards (Week 1)Joe Flacco
93.2%
Passing Yards (Week 1)Matthew Stafford
91.8%
Rushing Yards (Week 1)Adrian Peterson
88.6%
Passing Yards (Week 1)Colin Kaepernick
87.2%
Rushing Yards (Week 1)LeSean McCoy
86.6%
Hint Answer % Correct
Receiving Yards (Week 1)A.J. Green
84.9%
Receiving Yards (Week 1)Andre Johnson
84.4%
Receiving Yards (Week 1)Demaryius Thomas
81.8%
Receiving Yards (Week 1)Vincent Jackson
73%
Rushing Yards (Week 1)Reggie Bush
72.3%
Receiving Yards (Week 1)Anquan Boldin
70.4%
Rushing Yards (Week 1)Shane Vereen
49.2%
Rushing Yards (Week 1)Terrelle Pryor
44.1%
Remove Ads.
Support Sporcle.
Get the best of Sporcle when you Go Orange. This ad-free experience offers more features, more stats, and more fun while also helping to support Sporcle. Thank you for becoming a member.

You're not logged in!

Compare scores with friends on all Sporcle quizzes.
OR
Log In

Show Comments

Extras

Top Quizzes Today


Score Distribution

Your Account Isn't Verified!

In order to create a playlist on Sporcle, you need to verify the email address you used during registration. Go to your Sporcle Settings to finish the process.

Report this User

Report this user for behavior that violates our Community Guidelines.

Details: